000 01288cam a2200373 a 4500
001 16063587
003 Nust- CAS-E
005 20180118181400.0
008 100121s2010 enkab b 001 0 eng
010 _a 2009053713
020 _a9781844079131
020 _a1844079139
020 _a9781849710732
020 _a1849710732
035 _a(OCoLC)ocn441208294
040 _aDLC
_cDLC
_dBTCTA
_dYDXCP
_dBWKUK
_dBWK
_dBWX
_dAGL
_dDLC
050 0 0 _aTJ163.3
_b.H3825 2010
070 0 _aTJ163.3
_b.H3825 2010
082 0 0 _a333.79
_222
_b2010 HAR
100 1 _aHarvey, Leslie Daryl Danny,
_d1956-
245 1 0 _aEnergy and the new reality 2 :
_bcarbon-free energy supply /
_cL.D. Danny Harvey.
246 3 _aCarbon-free energy supply
260 _aLondon ;
_aWashingon, DC :
_bEarthscan,
_c2010.
300 _axlix, 576 p. :
_bill., maps ;
_c26 cm.
504 _aIncludes bibliographical references and index.
650 0 _aRenewable energy sources.
650 0 _aCarbon dioxide mitigation.
650 0 _aEnergy conservation.
650 0 _aEnergy consumption.
650 0 _aClimatic changes
_xPrevention.
906 _a7
_bcbc
_corignew
_d1
_eecip
_f20
_gy-gencatlg
942 _2ddc
_cBK
999 _c355378
_d355378